zpět

Detail výsledku týmu

Le fakap - Vypich, Praha

Datum a čas kvízu

34 Celkem bodů Celkový počet nahraných bodů na tomto kvízu bez doplňovacích otázek.
4. Pořadí na kvízu Konečné umístění týmu na tomto kvízu.

Zaznamenané odpovědi

# Otázka Odpověď Body Výsledky
1. Krajský soud v Plzni začal min... 0
2. V Birminghamu se konala výročn... 1
3. Jeden slavný večerníčkový seri... 1
4. Dvě české potravinářské firmy,... 0
5. Město Erzurum bylo vyřazeno ze... 1
6. Nyní se podíváme na komunální... 1
7. Výsledky voleb na pražský magi... 1
8. Dva z kandidátů posledních pre... 1
9. Kolik procent voličů navštívil... 1
10. Napište jméno volebního lídra... 1